000
00337nam a2200145Ia 4500
008
191201s2011 xx 000 0 und d
082
_a
004.22
_b
GIP
100
_a
GILSTER, Ron
245
0
_a
PC Hardware A Beginner's Guide
250
_a
6th
260
_a
N.Delhi
_b
TMH
_c
2011
300
_a
651
650
_a
B.Tech(CSE)
942
_2
ddc
_c
BK
999
_c
1866
_d
1866